• AIU
  • Tony Wilmot Memorial Library

Beyond integrity (Record no. 32247)

MARC details
000 -LEADER
fixed length control field 00868nam a22002411a 4500
001 - CONTROL NUMBER
control field 031020173X
001 - CONTROL NUMBER
control field z031020173X
008 - FIXED-LENGTH DATA ELEMENTS--GENERAL INFORMATION
fixed length control field 951228s1996 us a Wa 0000 eng
020 ## - INTERNATIONAL STANDARD BOOK NUMBER
International Standard Book Number 031020173X
021 10 -
-- 031020173X
-- hardcover : acid-free paper
040 00 - CATALOGING SOURCE
Original cataloging agency DLC
Transcribing agency DLC
Modifying agency DLC
050 00 - LIBRARY OF CONGRESS CALL NUMBER
Classification number HF5387
082 00 - DEWEY DECIMAL CLASSIFICATION NUMBER
Classification number HF 5387.B47 1996
Item number .4
-- 20
245 30 - TITLE STATEMENT
Title Beyond integrity
Remainder of title : a Judeo-Christian approach to business ethics
Statement of responsibility, etc [edited by] Scott B. Rae and Kenman L. Wong
Name of part/section/series (SE) [OBSOLETE] [edited by] Scott B. Rae and Kenman L. Wong
Medium [Text]
260 00 - PUBLICATION, DISTRIBUTION, ETC. (IMPRINT)
Place of publication, distribution, etc Grand Rapids, Mich.
Name of publisher, distributor, etc Zondervan
Date of publication, distribution, etc c1996
300 00 - PHYSICAL DESCRIPTION
Extent 656 p. ill. 25 cm
504 00 - BIBLIOGRAPHY, ETC. NOTE
Bibliography, etc Includes bibliographical references
650 00 - SUBJECT ADDED ENTRY--TOPICAL TERM
Topical term or geographic name as entry element Business ethics.
650 00 - SUBJECT ADDED ENTRY--TOPICAL TERM
Topical term or geographic name as entry element Business
General subdivision Religious aspects
-- Christianity
650 00 - SUBJECT ADDED ENTRY--TOPICAL TERM
Topical term or geographic name as entry element Business
General subdivision Religious aspects
-- Judaism
700 10 - ADDED ENTRY--PERSONAL NAME
Personal name Rae,
Medium Scott B
700 10 - ADDED ENTRY--PERSONAL NAME
Personal name Wong,
Medium Kenman L
Titles and other words associated with a name 1964-
Holdings
Withdrawn status Lost status Source of classification or shelving scheme Damaged status Not for loan Collection code Home library Current library Shelving location Date acquired Cost, normal purchase price Total Checkouts Full call number Barcode Date last seen Copy number Price effective from Koha item type Source of acquisition
    Library of Congress Classification     General Circulation AIU Eldoret Campus AIU Eldoret Campus General Stacks 01/15/2015 30.00   HF 5387 .B47 1996 R31864J3232 09/26/2019 2 01/15/2015 Books Through TBN
    Library of Congress Classification     General Circulation AIU/NEGST - Tony Wilmot Memorial Library AIU/NEGST - Tony Wilmot Memorial Library General Stacks 02/24/2010 35.00   HF 5387.B47 1996 R542913232 02/24/2010 1 02/24/2010 Books